000 00523nam a2200205Ia 4500
008 180523s9999 xx 000 0 und d
020 _a978-81-207-3144-8
050 _aMAIN PN 4162
050 _b.K46 2009
100 _aKenny, Cedric M.
245 4 _aThe Power of spoken English /
245 0 _cCedric M. Kenny.
260 _aNew Delhi :
260 _bSterling Publishers,
260 _c2009
300 _a131 pages :
300 _c22 cm.
650 _aSpeech.
650 _xEnglish language -- Pronunciation.
999 _c357406
_d357406